L'ecole mystique de Lyon, 1776-1847 (Registro nro. 37303)
[ vista simple ]
| 000 -LEADER | |
|---|---|
| campo de control de longitud fija | 00655nam a2200181 i 4500 |
| 001 - NÚMERO DE CONTROL | |
| campo de control | 37303 |
| 003 - IDENTIFICADOR DE NÚMERO DE CONTROL | |
| campo de control | ES-MaACL |
| 005 - FECHA Y HORA DE LA ÚLTIMA TRANSACCIÓN | |
| campo de control | 20250311121844.0 |
| 007 - CAMPO FIJO DE DESCRIPCIÓN FÍSICA--INFORMACIÓN GENERAL | |
| campo de control de longitud fija | t| |
| 008 - DATOS DE LONGITUD FIJA--INFORMACIÓN GENERAL | |
| campo de control de longitud fija | 030220s1935 fr ||||1| fre d |
| 100 1# - ENTRADA PRINCIPAL--NOMBRE DE PERSONA | |
| Nombre de persona | Buche, Joseph. |
| 9 (RLIN) | 32289 |
| 245 12 - MENCIÓN DEL TÍTULO | |
| Título | L'ecole mystique de Lyon, 1776-1847 |
| Resto del título | : Le grand Ampère, Ballanche, Cl.-Julien Bredin, Victor de Laprade, Blanc Saint-Bonnet, Paul Chenavard / |
| Mención de responsabilidad, etc. | Joseph Buche ; preface de M. Edouard Herriot. |
| 260 ## - PUBLICACIÓN, DISTRIBUCIÓN, ETC. | |
| Lugar de publicación, distribución, etc. | Paris : |
| Nombre del editor, distribuidor, etc. | [s.n.], |
| Fecha de publicación, distribución, etc. | 1935 ( |
| Lugar de fabricación/manufactura | Lyon : |
| Fabricante | A Rey et C) |
| 300 ## - DESCRIPCIÓN FÍSICA | |
| Extensión | XI, 306 p. ; |
| Dimensiones | 23 cm. |
| 700 0# - ENTRADA AGREGADA--NOMBRE PERSONAL | |
| Nombre de persona | Herriot, Edouard, |
| Fechas asociadas al nombre | 1872-1957 |
| 9 (RLIN) | 63370 |
| 852 ## - LOCALIZACIÓN | |
| Ubicación | ES-MaACL |
| Número de control de estantería | A-3132 |
| Estatus retirado | Estado de pérdida | Estado de daño | No para préstamo | Biblioteca de origen | Biblioteca actual | Ubicación en estantería | Fecha de adquisición | Fuente de adquisición | Total de préstamos | Signatura topográfica completa | Código de barras | Visto por última vez | Precio de reemplazo | Tipo de ítem Koha |
|---|---|---|---|---|---|---|---|---|---|---|---|---|---|---|
| Biblioteca del Ateneo de Madrid | Biblioteca del Ateneo de Madrid | Sala Pecera Planta 1 | 17/01/2008 | A-3132 | 1039253 | 23/02/2023 | 23/02/2023 | Libro impreso |
